| 000 | 00800nam a22002417a 4500 | ||
|---|---|---|---|
| 999 |
_c9355 _d9355 |
||
| 003 | AR-CdUCM | ||
| 008 | 190327b ||||| |||| 00| 0 spa d | ||
| 040 |
_aMUNICIPALIDAD PROVINCIAL DEL CUSCO _cBIBLIOTECA MUNICIPAL DEL CUSCO |
||
| 082 |
_a869.56 / _bA28 |
||
| 100 |
_aAguilar Derpich, Juan _925493 |
||
| 245 |
_aSe alquilan cuartos amueblados : _bUn relato de la vida en un hotel de la ciudad de Nueva York / |
||
| 246 | _aMil vidas en el fango | ||
| 260 |
_aLima : _bEds. Populares Lumier, _c1965. |
||
| 300 |
_a187 paginas ; _c17 cm. |
||
| 500 | _aDonación familia Nieto | ||
| 505 | _aContenido :Novela / | ||
| 650 |
_aNovelas peruanas _9545 |
||
| 650 |
_aSiglo XX _98 |
||
| 650 |
_aNovelas de costumbres _9168 |
||
| 650 |
_aEstados Unidos _91805 |
||
| 942 |
_2ddc _cLIBROS |
||
| 945 | _arjall | ||